000 00315nam a22001457a 4500
008 231012b ||||| |||| 00| 0 eng d
020 _a0872237486
041 _aeng
080 _a521
082 _a521MOR
100 _a19
101 _aASTRO
245 _aTHE FATE OF THE UNIVERSE
_cMORRIS .R
942 _2udc
_cBK
999 _c60433
_d60433